Sahibs' India : (Record no. 63332)
[ view plain ]
| 000 -LEADER | |
|---|---|
| fixed length control field | 01270nam a22002297a 4500 |
| 005 - DATE AND TIME OF LATEST TRANSACTION | |
| control field | 20100811145546.0 |
| 010 ## - LCCN (DPL NO) | |
| LC control number | B-454493-495 |
| 020 ## - INTERNATIONAL STANDARD BOOK NUMBER | |
| International Standard Book Number | 9780143066910 |
| Terms of availability | 299.00 |
| 035 ## - SYSTEM CONTROL NUMBER | |
| System control number | B-454493-495 |
| 037 ## - SOURCE OF ACQUISITION | |
| Source of stock number/acquisition | Blue Berry Books |
| 100 ## - MAIN ENTRY--PERSONAL NAME | |
| Personal name | Nevile,Pran |
| 245 ## - TITLE STATEMENT | |
| Title | Sahibs' India : |
| Statement of responsibility, etc | by Pran Nevile |
| Remainder of title | vignettes from the raj / |
| 260 ## - PUBLICATION, DISTRIBUTION, ETC. (IMPRINT) | |
| Place of publication, distribution, etc | New Delhi |
| Name of publisher, distributor, etc | Penguin Books |
| Date of publication, distribution, etc | 2010 |
| 270 ## - ADDRESS | |
| Address | 11 Community Centre,Panchsheel Park, |
| City | New Delhi |
| Postal code | 110017 |
| 300 ## - PHYSICAL DESCRIPTION | |
| Extent | 243p. |
| Dimensions | 20cm (pbk) |
| Other physical details | ill |
| 500 ## - GENERAL NOTE | |
| General note | Includes bibliographical references |
| 942 ## - ADDED ENTRY ELEMENTS (KOHA) | |
| Source of classification or shelving scheme | Dewey Decimal Classification |
| Item type | English Books |
| Call number suffix | NEV |
| Call number prefix | 954.08 |
| Withdrawn status | Lost status | Not for loan | Collection code | Home library | Current library | Date acquired | Source of acquisition | Cost, normal purchase price | Full call number | Barcode | Copy number | Cost, replacement price | Koha item type |
|---|---|---|---|---|---|---|---|---|---|---|---|---|---|
| Non-fiction | Central Library | Central Library | 02/03/2012 | Blue Berry /7183/31.10.11/06/15.9.11/30.11.11 | 299.00 | 954.08 NEV | B-454493 | 1 | 299.00 | English Books | |||
| Non-fiction | Patel Nagar | Patel Nagar | 02/03/2012 | Blue Berry /7183/31.10.11/06/15.9.11/30.11.11 | 299.00 | 954.08 NEV | B-454494 | 1 | 299.00 | English Books | |||
| Non-fiction | Sarojini Nagar | Sarojini Nagar | 02/03/2012 | Blue Berry /7183/31.10.11/06/15.9.11/30.11.11 | 299.00 | 954.08 NEV | B-454495 | 1 | 299.00 | English Books |
